New information technologies : A Challenge for education

Gorde:
Xehetasun bibliografikoak
Erakunde egilea: Organisation for Economic Co-operation and Development
Formatua: Liburua
Hizkuntza:Undetermined
Argitaratua: Paris Organisation for Economic Co-operation and Development 1986
Gaiak:
Etiketak: Etiketa erantsi
Etiketarik gabe, Izan zaitez lehena erregistro honi etiketa jartzen!
Thư viện lưu trữ: Trung tâm Học liệu Trường Đại học Cần Thơ
LEADER 00650nam a2200193Ia 4500
001 CTU_83683
008 210402s9999 xx 000 0 und d
082 |a 371.3 
082 |b O.68 
110 |a Organisation for Economic Co-operation and Development 
245 0 |a New information technologies : 
245 2 |b A Challenge for education 
245 0 |c Organisation for Economic Co-operation and Development 
260 |a Paris 
260 |b Organisation for Economic Co-operation and Development 
260 |c 1986 
650 |a Telecommunication in education 
904 |i Qhieu(sửa) 
980 |a Trung tâm Học liệu Trường Đại học Cần Thơ